Centrales nucléaires en activité (CNPE) - Statistiques

Statistiques générales
  • Ce quiz a été pris 57 fois
  • Le résultat moyen est 10 sur 18
Statistiques - réponses
Hint Réponse % Correct
Drôme Tricastin
76%
Manche Flamanville
76%
Ain Bugey
73%
Ardennes Chooz
68%
Ardèche Cruas
68%
Nord Gravelines
66%
Isère Saint-Alban
63%
Gironde Blayais
61%
Lorraine Cattenom
61%
Cher Belleville
56%
Indre-et-Loire Chinon
56%
Seine-Maritime Penly
54%
Aube Nogent
51%
Vienne Civaux
49%
Loiret Dampierre
46%
Loire-et-Cher Saint-Laurent
46%
Seine-Maritime Paluel
41%
Tarn-et-Garonne Goflech
7%
Aucun quiz correspondant
Distribution des résultats
% des personnes avec chaque résultat
Percentile par nombre de réponses
Votre historique - résultats
Vous n’avez pas pris ce quiz